000 00289cam a22001097a 4500
008 180718b1966 xxu||||| |||| 00| 0 eng d
082 _aQ503 x42 Un3
245 _aMinistry of social security act, 1966
_cBy HMSO
260 _aLondon
_bHMSO
_c1966
300 _a43p.
650 _aSocial security
999 _c412685
_d412685